1685 1729 1164 1171 1356 1316 1572 1829 1024 1060 1759 1553 1262 1126 1533 1481 1983 1058 1637 1371 1442 1622 1584 1350 1509 1921 1923 1175 1589 1550 1186 1340 1241 1315 1627 1871 1374 1083 1944 1566 1844 1720 1961 1950 1196 1671 1531 1552 1409 1650 1554 1105 1013 1885 1623 1410 1937 1232 1025 1446 1682 1605 1128 1985 1023 1574 1156 1505 1869 1127 1841 1958 1667 1675 1372 1915 1238 1266 1676 1904 1886 1277 1157 1211 1171 1518 1876 1789 1666 1235 1584 1091 1669 1188 1609 1044 1570 1536 1103 BCNSPRNW ULIB Ver.6.0+V

เปลี่ยนเป็นภาษาไทย

Change to English
 แสดงรายละเอียดบรรณานุกรม
  กลับหน้าหลัก

Brief Record : Get Marc (ISO 2709) : E-mail record : QR code < ปิดหน้าต่าง
LEADER : 00000nam 2200000uu 4500
001    13399126729
003     ULIB
008    020711s2019 th a 000 0 eng d
020    ^a9781496375148
060    ^aQZ267^bC426C
100    ^aChabner, Bruce A.
245    ^aCancer Chemotherapy, Immunotherapy and Biotherapy
250    ^a6th ed
260    ^aPhiladelphia :^bWolters Kluwer,^c2019
300    ^a640 pages;^b30 cm
650    ^aNeoplasms^xDrug Therapy
650    ^aAntineoplastic Agents^xtherapeutic use
650    ^aBiological Products^xtherapeutic use
650    ^aNeoplasms^xtherapy
945    ^p7811^l0^i005391
999    ^aประนอม เกษจรัล
รายการนี้ยังไม่มีแท็ก
คุณยังไม่ได้ล็อกอิน คุณสามารถมีกิจกรรมร่วมกับเว็บไซต์ได้ แต่ต้องล็อกอินก่อน ::
  ล็อกอิน

รายการสื่อสารสนเทศ

ลำดับที่ ประเภท เลขเรียก/บาร์โค้ด สถานที่ สถานะ
1. วิทยาศาสตร์การแพทย์ และสุขภาพ
หนังสือสำรอง
สถานะ=หนังสือสำรอง
QZ267 C426C ฉ.1 
  Barcode: 005391
ห้องสมุดวิทยาเขตสวรรค์ประชารักษ์
►หนังสือทั่วไป
บนชั้น

BibComment


ยังไม่เคยถูกคอมเมนท์

คอมเมนท์ทรัพยากรรายการนี้
  คอมเมนท์: Cancer Chemother..


 Copyright 2026. Bcnsprnw @Library